| 000 | 00425nam a2200157Ia 4500 | ||
|---|---|---|---|
| 008 | 230312s9999||||xx |||||||||||||| ||und|| | ||
| 020 | _a0-19-521910-4 | ||
| 082 |
_a302.2 _bADL-U |
||
| 100 | _aAdler,Ronald B. | ||
| 245 | 0 | _aUnderstanding Human Communication | |
| 260 |
_bOxford _aNew York _c2003 |
||
| 300 | _a524 | ||
| 546 | _aEng. | ||
| 650 |
_aEconomics _velements and interpersonal and public communication |
||
| 942 | _cBK | ||
| 999 |
_c2789 _d2789 |
||